[Event "EU-ch 4th"]
[Site "Istanbul"]
[Date "2003.06.12"]
[Round "12"]
[White "Savchenko, Stanislav"]
[Black "Istratescu, Andrei"]
[Result "0-1"]
[WhiteElo "2559"]
[BlackElo "2593"]
[Annotator "Ribli,Z"]
[PlyCount "74"]
[EventDate "2003.05.30"]
[EventType "swiss"]
[EventRounds "13"]
[EventCountry "TUR"]
[SourceTitle "CBM 096"]
[Source "ChessBase"]
[SourceDate "2003.09.25"]
[SourceVersion "1"]
[SourceVersionDate "2003.09.25"]
[SourceQuality "1"]

1. Nf3 Nf6 2. c4 e6 3. Nc3 b6 4. g3 Bb7 5. Bg2 d5 {Dieser Zug wird in der
Turnierpraxis sehr selten gespielt. Die Alternativen sind 5...c5 und 5...Be7.
Mit dem Textzug möchte Schwarz die Stellung am Damenflügel klären und mit der
Entwicklung des Königsflügels warten.} 6. Ne5 {Mit diesem Springerzug möchte
Weiß die Fesselung auf der Diagonale h1-a8 ausnutzen, und seine positionelle
Drohung ist auch Qa4+. Die Alternative (Bauerntausch im Zentrum), welche im
selben Turnier 2 Runden früher gespielt wurde, bietet Weiß keinen
Eröffnungsvorteil.} (6. cxd5 Nxd5 7. O-O Nd7 8. Re1 c5 9. d4 cxd4 10. Nxd5 Bxd5
11. Qxd4 Rc8 12. Be3 Rc4 13. Qd3 Be7 14. Rec1 Rxc1+ 15. Rxc1 O-O {1/2-1/2 Roiz,
M-Istratescu,A/Istanbul 2003/CBM96 (42)}) 6... c6 (6... Bd6 7. Qa4+ (7. d4 O-O
8. Bg5 c6 9. O-O h6 10. Bxf6 Qxf6 11. f4 Qe7 12. cxd5 cxd5 13. Nb5 Bxe5 $2 14.
fxe5 {1-0 David,A-Pint,P/Zalakaros 1992/EXT 97 (22)}) 7... Nbd7 8. Nc6 Bxc6 9.
Qxc6 O-O 10. cxd5 Ne5 11. Qa4 exd5 12. Nxd5 {1-0 Hansen,T-Kabashaj,A/Oslo 2002/
CBM 87 ext (23)}) (6... Nbd7 7. Qa4 c5 8. d3 Bd6 9. Bf4 Bxe5 10. Bxe5 O-O 11.
Bd6 Re8 12. Nb5 Bc6 13. Qa3 Bxb5 14. cxb5 e5 15. b4 Re6 16. bxc5 bxc5 17. Bxc5
Nxc5 18. Qxc5 Qa5+ 19. Kf1 Rb8 20. a4 e4 {0-1 Cortina,F-Genocchio,D/Paderno
del Grappa 2000/EXT 2001 (37)}) 7. d4 Nbd7 (7... Nfd7 $5) 8. O-O Bd6 (8... Nxe5
9. dxe5 Nd7 10. cxd5 cxd5 11. f4 $14) 9. Bf4 Qe7 (9... O-O $2 10. Nxc6 $16) 10.
cxd5 Nxd5 (10... cxd5 11. Nb5 Bb8 12. Rc1 $16) (10... exd5 11. Nxd7 Qxd7 12.
Be5 $14 (12. Bxd6 Qxd6 13. e3 $14)) 11. Ne4 $14 {Weiß hat eine aktive
Figurenstellung und Entwicklungsvorteil. Später kann er den d5-Springer mit
e2-e4 verjagen.} (11. Nxd5 cxd5 12. Qa4 Bxe5 13. Bxe5 O-O 14. Bf4 Rfc8 $11)
11... Bc7 (11... Nxf4 12. gxf4 (12. Nxd6+ Qxd6 13. gxf4 O-O 14. Rc1 $14) 12...
Bc7 13. Rc1 $14) 12. Bg5 (12. Rc1 $14) 12... f6 (12... N7f6 13. Rc1 $16) 13.
Nxd7 Qxd7 (13... fxg5 14. Ne5 $16) 14. Bd2 O-O 15. Qb3 {[%csl Gb3][%cal Gb3g8,
Gb3b7][%mdl 32] Die Dame steht aktiv auf b3 - es ist nicht leicht für Schwarz
den Befreiungszug c6-c5 durchzuführen, und der König steht auch nicht
besonders gut in der Diagonale a2-g8.} Rad8 (15... f5 16. Nc3 $14 (16. Ng5 e5
17. dxe5 Bxe5 18. Rad1 $14)) 16. Rfd1 Bb8 17. Nc3 Qf7 (17... c5 18. dxc5 bxc5
19. Ne4 $16) 18. a4 $1 {[%cal Ga4a5]} (18. e4 Nxc3 19. Bxc3 $14) 18... Ne7 19.
a5 (19. e3 e5 20. Qxf7+ Kxf7 21. dxe5 Bxe5 22. f4 Bxc3 23. Bxc3 Nd5 $11) 19...
Rxd4 (19... e5 $5) 20. axb6 axb6 21. Qxb6 {[%csl Gb6][%cal Rb6d4,Rb6b7]} Rd7
22. Na4 {[%csl Yc5][%cal Ga4c5]} Bd6 (22... Nd5 23. Qb3 $14) 23. Qb3 Nf5 24.
Bc3 Rdd8 25. e4 Nh6 {Schwarz muss so spielen, denn 25...Ne7 geht nicht, da der
b7B hängt.} 26. Bh3 $1 $16 {[%csl Gb3,Re6,Gh3]} Kh8 $8 {Schwarz muss mit dem
König aus der Gefahrenzone weggehen.} (26... Rfe8 27. Ba5 $18) (26... Bc8 27.
Ba5 Bc7 28. Bxc7 Qxc7 29. Bxe6+ $16) 27. Ba5 $6 {Weiß ist nicht zufrieden mit
dem Bauerngewinn, er möchte mehr Material gewinnen. Aber der Nachteil des
Zuges ist, dass Schwarz nun Gegenspiel am Königsflügel bekommt.} (27. Bxe6 $16)
(27. Qxe6 $16) 27... Qh5 $132 {[%cal Rh5a5,Rh5h3][%mdl 64]} 28. Bxd8 (28. Qxb7
Qxh3 29. Bxd8 Ng4 30. Bb6 Qxh2+ 31. Kf1 c5 32. Rd2 Qh1+ 33. Ke2 Qxa1 34. Qd7
$13) (28. Bxe6 Qxa5 29. Qxb7 Qe5 30. Bh3 f5 31. exf5 Nxf5 $132 {[%cal Gf5d4]})
28... Qxh3 29. Rxd6 $2 (29. Qxb7 Ng4 {Siehe die Anmerkung nach 28.Qxb7 Qxh3 29.
Bxd8 - wir haben dieselbe Stellung.}) (29. Rd2 $3 {[%cal Gd2h2] Das ist ein
sogenannter "Computerzug" - es ist sehr schwer solche stillen Züge in der
praktischen Partie zu finden. Die Idee des Zuges ist, dass Weiß den Punkt h2
verteidigen kann.} Ng4 (29... Rxd8 30. Qxb7 Ng4 31. f3 h6 32. Rc2 $16 (32. fxg4
$2 Bc5+ 33. Nxc5 Rxd2 $19)) 30. f3 $18) 29... Ng4 {[%csl Rg1][%cal Rh3h2,Rh2f2]
} 30. Qf3 (30. Bb6 Ba6 31. Rd3 Qxh2+ 32. Kf1 Qh1+ 33. Ke2 Qxa1 $19) 30... Qxh2+
31. Kf1 Ne5 (31... Ba6+ $5 32. Ke1 Qg1+ 33. Kd2 Qxa1 34. Qxg4 Qxa4 35. Qxe6
Qb4+ 36. Kc1 Qc5+ 37. Kb1 Qxf2 $17) 32. Qa3 $4 (32. Qd1 $8 {Weiß muss mit der
Dame den a1-Turm verteidigen.} Ba6+ (32... f5 $5) 33. Ke1 Nc4 34. Nc3 Qh1+ 35.
Ke2 Qh5+ 36. Ke1 Qh1+ $11) 32... Ba6+ $19 {[%csl Rf1][%cal Ra6f1]} 33. Ke1 Nc4
{[%csl Ra3,Rd6,Re1][%cal Rc4a3,Rc4d6]} (33... Qh1+ 34. Kd2 Nc4+ 35. Kc3 Qf3+
$19) 34. Qd3 Qg1+ 35. Ke2 (35. Qf1 Qxf1+ 36. Kxf1 Nxd6+ 37. Kg2 Rxd8 $19) 35...
Qxa1 {[%csl Ra4,Rd6][%cal Ga6e2] Weiß hat nur einen Bauern weniger, aber es
hängt alles in seiner Stellung - der a4N, der d6R und sein König steht
schrecklich schlecht.} 36. Be7 Qxa4 37. Rd8 (37. Bxf8 Nxd6 $19) 37... Rg8 (
37... Rg8 38. Rxg8+ Kxg8 39. Qd8+ Kf7 40. Qf8+ Kg6 $19) 0-1

[Event "Altensteig"]
[Site "Altensteig"]
[Date "1994.??.??"]
[Round "3"]
[White "Speelman, Jonathan S"]
[Black "Almasi, Zoltan"]
[Result "1-0"]
[WhiteElo "2600"]
[BlackElo "2620"]
[Annotator "Ribli,Z"]
[PlyCount "65"]
[EventDate "1994.08.??"]
[EventType "tourn"]
[EventRounds "11"]
[EventCountry "GER"]
[EventCategory "12"]
[SourceTitle "CBM 043"]
[Source "ChessBase"]
[SourceDate "1994.12.01"]
[SourceVersion "1"]
[SourceVersionDate "1994.12.01"]
[SourceQuality "1"]

1. Nf3 Nf6 2. c4 e6 3. Nc3 Bb4 4. e3 O-O 5. Be2 b6 (5... d5 6. a3 Be7 7. d4 b6
8. O-O Bb7 9. b4 a5 10. b5 dxc4 11. Qc2 $14 {Speelman,J-Kosten,A/Hastings/1990/
CBM22/INF51,566/}) 6. O-O (6. a3 Bxc3 7. bxc3 Re8 8. O-O e5 9. Ne1 $10 {
Speelman,J-Dorfman,I/Moskva (GMA)/INF49,(17)/}) 6... Bb7 7. Qc2 $5 (7. a3 Bxc3
$13 {Speelman,J-Kosten,A/ENG-ch/1991/CBM28/}) 7... Bxc3 (7... d5 8. b3 Nbd7 9.
Bb2 $14) 8. Qxc3 d6 9. b3 Nbd7 10. Bb2 Rc8 11. Rad1 Qe7 (11... c5 $5) 12. Ne1
e5 (12... c5 $5) 13. f3 Rfe8 (13... e4 14. fxe4 Bxe4 15. d3 Bb7 16. e4 $14) 14.
e4 Nf8 $6 (14... c5 $5) 15. d4 Nh5 16. d5 (16. Nd3 Ng6 17. Rf2 $14) 16... Nf4
17. Rd2 Rcd8 (17... Nxe2+ 18. Rxe2 Rcd8 19. Nd3 $14) 18. Bd1 Bc8 19. Bc2 $1 (
19. g3 Nh3+ 20. Kh1 f5 21. exf5 Bxf5 22. Ng2 $14) 19... Qg5 20. Kh1 Nh5 (20...
f5 21. g3 Nh3 22. f4 $16) 21. g3 Bh3 22. Rg1 Ng6 23. Rf2 $1 Bc8 24. f4 $1 exf4
25. gxf4 Qh4 26. Qd4 f6 27. Nf3 Qh3 (27... Qxf4 28. Bc1 $18) 28. f5 Ne5 29. Bd1
Ng4 (29... Nxf3 30. Bxf3 $18) 30. Nd2 $1 (30. Rfg2 $2 Rxe4 $1 31. Qxe4 Ng3+ 32.
Rxg3 Nf2#) 30... Nxf2+ 31. Qxf2 Rxe4 (31... g6 32. Bg4 $1 Qd3 33. Bxh5 $18) 32.
Nxe4 Bxf5 33. Ng3 1-0

[Event "RUS-ch"]
[Site "Elista"]
[Date "1994.??.??"]
[Round "6"]
[White "Yasinsky, Vladimir"]
[Black "Solozhenkin, Evgeniy"]
[Result "1-0"]
[WhiteElo "2360"]
[BlackElo "2505"]
[Annotator "Ribli,Z"]
[PlyCount "79"]
[EventDate "1994.09.??"]
[EventType "swiss"]
[EventRounds "11"]
[EventCountry "RUS"]
[SourceTitle "CBM 044"]
[Source "ChessBase"]
[SourceDate "1995.02.01"]
[SourceVersion "1"]
[SourceVersionDate "1995.02.01"]
[SourceQuality "1"]

1. Nf3 Nf6 2. c4 e6 3. Nc3 Bb4 4. Qc2 O-O 5. a3 Bxc3 6. Qxc3 b6 7. g3 Bb7 8.
Bg2 d6 9. d3 Nbd7 10. O-O c5 11. b4 Re8 (11... Qc7 12. Bb2 Rfc8 13. Rfc1 $5 e5
14. Bh3 $1 $14 {Illescas Cordoba,M-Karpov,An/Wijk m/1993/CBM34/INF56,21/}) 12.
e4 Qc7 (12... Rc8 13. Bb2 a6 14. Qb3 (14. Rab1 $5) 14... b5 15. Nd2 Rb8 16.
Rfc1 Ba8 17. Qd1 Qe7 $13 {Kasparov,G-Karpov,An/Wch-Lyon/1990/CBM21/INF50,12/})
13. Bb2 Rad8 $6 (13... d5 $5 14. exd5 exd5 15. Rfe1 d4 16. Qd2 Nf8 17. a4 $36)
14. Nh4 $1 Qb8 15. Rae1 $14 d5 $2 (15... Qa8 $6 16. f4 $1 d5 $6 17. cxd5 exd5
18. Nf5 dxe4 19. dxe4 (19. Nd6 $5) 19... Bxe4 $2 20. Rxe4 $1 Rxe4 21. Nd6 $18)
(15... a6 $14) 16. exd5 exd5 17. cxd5 cxb4 18. axb4 Rc8 (18... Qa8 19. Nf5 Bxd5
20. Bxd5 Qxd5 21. Ne7+ Rxe7 22. Rxe7 $18) 19. Qd4 Rxe1 20. Rxe1 Re8 21. Re3 $1
Qc8 22. Nf5 Rxe3 23. fxe3 Qc2 24. e4 Ba6 25. Bf1 h5 26. Qc3 (26. h3 $5) 26...
Qb1 27. Kg2 $1 (27. Nd6 $2 Bxd3 $1 28. Qxd3 Qxb2 $15) 27... Bb5 28. Nd6 Ba4 29.
Be2 (29. Qc8+ $6 Kh7 30. Bxf6 Nxf6 31. Nxf7 $2 Qb2+ 32. Kh1 Qf2 $13) 29... Bd1
30. Qd2 Bxe2 31. Qxe2 a5 32. bxa5 bxa5 33. e5 Nxe5 (33... Nxd5 34. e6 Ne3+ (
34... fxe6 35. Qxe6+ Kh7 36. Qf5+ $18) 35. Qxe3 Qxb2+ 36. Kh3 $18) 34. Bxe5
Nxd5 35. Qf3 Qa2+ 36. Kh3 Ne7 37. Qa8+ Kh7 38. Qe4+ f5 39. Qh4 $1 Qf7 $2 (39...
Qe6 40. Qxh5+ Kg8 41. Qe8+ Kh7 42. Nf7 $18) 40. Nxf7 1-0

[Event "Malmo"]
[Site "Malmo"]
[Date "1993.??.??"]
[Round "5"]
[White "Eriksson, Magnus"]
[Black "Rozentalis, Eduardas"]
[Result "0-1"]
[WhiteElo "2365"]
[BlackElo "2595"]
[Annotator "Ribli,Z"]
[PlyCount "132"]
[EventDate "1993.06.??"]
[EventType "tourn"]
[EventRounds "9"]
[EventCountry "SWE"]
[EventCategory "11"]
[SourceTitle "CBM 036"]
[Source "ChessBase"]
[SourceDate "1993.10.01"]
[SourceVersion "1"]
[SourceVersionDate "1993.10.01"]
[SourceQuality "1"]

1. Nf3 Nf6 2. c4 e6 3. g3 b6 4. Bg2 Bb7 5. O-O Be7 6. Nc3 O-O 7. Re1 d5 (7...
Ne4 $6 $14 {Wirthenson,H-Zueger,B/SWZ-ch/1992/CBM31/}) 8. cxd5 Nxd5 (8... exd5
{->E17}) 9. d4 (9. e4 $5 $14 {Cvitan,O-Hansen,LB/Warsaw/1990/CBM17/}) 9... Nxc3
(9... c5 $14 {Makarov,M-Neverov,A/RSFSR-ch/1990/CBM21/}) 10. bxc3 Be4 $5 (10...
c5 11. e4 cxd4 12. cxd4 Nc6 13. Bb2 Bf6 14. Rb1 $14) 11. Ne5 Bxg2 12. Kxg2 c5
13. e4 Bf6 14. Nf3 (14. Be3 Bxe5 $1 15. dxe5 Nc6 16. f4 Qc7 $15) 14... Nc6 15.
Be3 cxd4 16. cxd4 Qd7 $10 17. Qd2 Rfd8 18. Rad1 Na5 19. Bg5 Bxg5 20. Qxg5 Rac8
21. d5 f6 (21... Nc4 $2 22. dxe6 $18) 22. Qe3 e5 23. Rc1 (23. Nd2 Rc2 24. a3
Rdc8 $15) 23... Nc4 24. Qb3 b5 25. a4 $2 (25. Rc2 Rc5 26. Rec1 Rdc8 $15) 25...
bxa4 26. Qa2 Nb6 27. Nd2 Qb5 28. Rc6 Rxc6 29. dxc6+ Kf8 30. Rc1 Qb4 31. Nc4 (
31. c7 Rxd2 32. c8=Q+ Nxc8 33. Rxc8+ Ke7 34. Qg8 Qxe4+ 35. Kh3 Qf5+ $19) 31...
Ke7 32. Nxb6 axb6 33. Rc4 Qb3 34. Qe2 h5 $1 (34... a3 $2 35. c7 Rc8 36. Qg4
Qxc4 37. Qxc8 Qxe4+ 38. Kh3 $13) 35. c7 Rc8 36. Rc1 Qb4 37. Kg1 Qd6 38. Qb5
Rxc7 39. Rxc7+ Qxc7 40. Qxa4 g5 41. Qb4+ Qc5 42. Qb3 Qc1+ 43. Kg2 Qc6 44. Qb4+
Kd7 45. Kg1 b5 46. Qa5 h4 47. gxh4 gxh4 48. h3 Kc8 49. Qb4 Kb7 50. Qe7+ Kb6 51.
Kh2 Qxe4 $19 52. Qxf6+ Kc5 53. Qf8+ Kc4 54. Qf7+ Kc3 55. Qa2 b4 56. Qa1+ Kb3
57. Qd1+ Kc4 58. Qa4 Qd4 59. Kg1 Kc3 60. Qa1+ Kc2 61. Qa2+ Kc1 62. Kg2 Qc3 63.
Qe2 b3 64. Qf1+ Kd2 65. Qb1 b2 66. Qg6 Qd3 0-1

[Event "Pardubice"]
[Site "Pardubice"]
[Date "1994.??.??"]
[Round "2"]
[White "Ftacnik, Lubomir"]
[Black "Sokolov, Ivan"]
[Result "0-1"]
[WhiteElo "2570"]
[BlackElo "2625"]
[Annotator "Ribli,Z"]
[PlyCount "114"]
[EventDate "1994.07.??"]
[EventType "tourn"]
[EventRounds "9"]
[EventCountry "CZE"]
[EventCategory "15"]
[SourceTitle "CBM 042"]
[Source "ChessBase"]
[SourceDate "1994.10.01"]
[SourceVersion "1"]
[SourceVersionDate "1994.10.01"]
[SourceQuality "1"]

1. Nf3 Nf6 2. c4 e6 3. Nc3 Bb4 4. g3 b6 5. Bg2 Bb7 6. O-O Bxc3 (6... O-O 7. Qc2
Re8 $5 {Illescas Cordoba,M/Karpov,An/Linares/1994/CBM40/}) 7. bxc3 d6 8. d3 O-O
(8... Nbd7 9. e4 h6 10. Nd4 Qb8 11. f4 c5 12. Nc2 Qc7 13. a4 Ke7 14. Qe2 Rag8
15. d4 $14 {Gulko,B-Garcia Gonzales,G/New York op/1988/CBM08/}) 9. e4 Nbd7 (
9... c5 10. Nh4 Nc6 11. f4 Ne8 12. f5 $36 {Ribli,Z-Razuvaev,Y/BL9192/1992/})
10. Ne1 (10. Ng5 $5) (10. Nh4 $5) 10... a6 11. g4 Ne8 12. g5 c5 13. a4 e5 14.
Nc2 Nc7 15. Qg4 f6 16. h4 (16. Ne3 $5 fxg5 17. Nf5 $36) 16... fxg5 17. hxg5 Rf7
18. Ne3 Nf8 (18... Rf4 $2 19. Qg3 Ne6 20. Nd5 $16) 19. Nf5 (19. f4 $5) 19...
Nce6 20. f4 Bc8 $5 21. Nh6+ $6 (21. fxe5 dxe5 22. Qg3 Ng6 23. Bd2 Ngf4 $13)
21... gxh6 22. gxh6+ Kh8 23. f5 (23. fxe5 Rxf1+ 24. Bxf1 dxe5 $19) 23... Nf4
24. Bxf4 exf4 25. Rxf4 (25. d4 cxd4 26. cxd4 Qf6 27. e5 Qxh6 28. Bxa8 Rg7 $19)
25... Qf6 $1 26. Qg3 Qxc3 27. Rb1 Qe5 28. Rxb6 Nd7 29. Qh4 Rf8 30. Rb3 Nf6 31.
Rf1 Bd7 32. Qf4 Bxa4 33. Qxe5 dxe5 34. Ra3 Bc6 35. Rfa1 Bb7 36. Rb1 Ra7 37. Rb6
Bc8 38. Rc6 Rb7 39. Rxc5 Rb1+ 40. Kf2 Rb2+ 41. Kf3 Rg8 42. Bf1 (42. Rxe5 Ng4
43. Rc5 Nh2+ $19) 42... Bd7 (42... Ng4 $1 $19) 43. Rxa6 Be8 44. Rxe5 Bh5+ 45.
Ke3 Ng4+ 46. Kd4 Nxe5 47. Kxe5 Rb1 48. Bh3 Rh1 49. d4 Rxh3 50. d5 Re8+ 51. Re6
Kg8 52. c5 Kf8 53. c6 Bf7 54. Rxe8+ Kxe8 55. Kd6 Rxh6+ 56. Kc7 Ke7 57. Kb7 Rh1
0-1

[Event "Interzonal-16"]
[Site "Biel"]
[Date "1993.??.??"]
[Round "1"]
[White "Nogueiras Santiago, Jesus"]
[Black "Salov, Valery"]
[Result "1/2-1/2"]
[WhiteElo "2580"]
[BlackElo "2685"]
[Annotator "Ribli,Z"]
[PlyCount "54"]
[EventDate "1993.07.16"]
[EventType "swiss"]
[EventRounds "13"]
[EventCountry "SUI"]
[SourceTitle "CBM 037"]
[Source "ChessBase"]
[SourceDate "1993.12.01"]
[SourceVersion "1"]
[SourceVersionDate "1993.12.01"]
[SourceQuality "1"]

1. Nf3 {Salov} Nf6 2. c4 e6 3. Nc3 Bb4 4. g3 O-O 5. Bg2 d5 6. a3 Be7 (6... Bxc3
$5) 7. d4 dxc4 8. Ne5 $5 Nc6 $5 (8... c5 9. dxc5 Qxd1+ $1 (9... Qc7 $6 10. Nxc4
Qxc5 11. Qb3 Nc6 12. Be3 Nd4 13. Bxd4 Qxd4 14. O-O $14 {Olafsson,F-Huebner,R/
Athen/1969/}) 10. Nxd1 Nbd7 $5 11. Nxc4 Nxc5 $13 {Sher,M-Franzoni,G/Biel op/
1990/EXP19/}) 9. Bxc6 $5 (9. Nxc6 bxc6 $13 {Andersson,U-Benjamin,J/Szirak izt/
1987/INF44,(15)/}) 9... bxc6 10. Nxc6 Qe8 11. Nxe7+ Qxe7 12. Qa4 c5 $1 (12...
a5 13. Bg5 $1 Ba6 14. O-O c5 15. Bxf6 $1 gxf6 16. Rad1 cxd4 17. Rxd4 Qc5 18.
Rfd1 $14 {Kramnik,V-Salov,V/Madrid/1993/CBM36/}) 13. Qxc4 cxd4 14. Qxd4 e5 15.
Qh4 (15. Qb4 {Salov} Qe6 $15) 15... Qe6 $5 (15... Rd8 16. O-O Rd4 17. e4 Ba6
18. Re1 h6 19. Be3 Rc4 20. Rad1 Re8 21. f3 $16) (15... Ba6 $2 16. Bg5 $16) 16.
O-O Ba6 17. Rd1 (17. Bg5 Nd5 $1 $44) (17. Re1 $5 {Salov}) 17... h6 $1 18. e4 (
18. Be3 $5) 18... Bc4 (18... Rab8 $5 {Salov} 19. f3 (19. b4 Qb3 $132) 19...
Rfc8 20. g4 Rxc3 $1 21. bxc3 Be2 22. Re1 Bxf3 23. g5 Ng4 $40) 19. f3 (19. Be3
$5) 19... Qb6+ 20. Kg2 Rad8 21. g4 Rxd1 (21... Nd7 {Salov} 22. b4 $1 $16 {><c5}
) 22. Nxd1 Rd8 23. Be3 Qb3 $44 24. Qe1 Rd3 25. Rc1 Bb5 26. Nc3 (26. Qe2 {Salov}
Rxd1 27. Qxd1 Qxe3 $17) (26. Qb4 {Salov} Rxe3 (26... Qxb4 27. axb4 Ba4 28. Nc3
$1) (26... Ba4 27. Qxb3 Bxb3 28. Rc3 $1) 27. Nxe3 Qxe3 28. Rc8+ Be8 $10) 26...
Qxb2+ 27. Qf2 Qb3 (27... Qb3 {Salov} 28. Qc2 $1 Qxc2+ 29. Rxc2 a6 $10) 1/2-1/2

[Event "Dortmund Master"]
[Site "Dortmund"]
[Date "1999.07.17"]
[Round "9"]
[White "Mikhalchishin, Adrian"]
[Black "Schmittdiel, Eckhard"]
[Result "1-0"]
[WhiteElo "2552"]
[BlackElo "2505"]
[Annotator "Ribli,Z"]
[PlyCount "93"]
[EventDate "1999.07.09"]
[EventType "tourn"]
[EventRounds "9"]
[EventCountry "GER"]
[EventCategory "9"]
[SourceTitle "CBM 072"]
[Source "ChessBase"]
[SourceDate "1999.10.01"]
[SourceVersion "1"]
[SourceVersionDate "1999.10.01"]
[SourceQuality "1"]

{[%mdl 8224]} 1. Nf3 Nf6 2. c4 e6 3. Nc3 {Diese Zugfolge ist in letzter Zeit
in GM-Turnieren sehr beliebt. Ribli.} Bb4 4. g3 {Die Alternative 4.Qc2 wird
häufiger gespielt. Weiß spielt (noch) nicht d2-d4, wonach das Feld e4
geschwächt wäre. Im folgenden hat er verschiedene Aufabumöglichkeiten im
Zentrum: d3 / e3, d3 / e4 usw.} b6 {Schwarz spielt den sogenannten
Dameninindischen Aufbau.} 5. Bg2 Bb7 6. d3 O-O 7. e4 {Weiß beschränkt den
schwarzen Damenläufer.} d5 8. e5 Nfd7 (8... d4 $2 9. a3 $1 $16) 9. cxd5 Bxd5 (
9... exd5 $6 10. d4 $16 {Weiss hat Raumvorteil im Zentrum und der b7-Läufer
ist eingeschlossen.}) 10. O-O Bb7 {Schwarz gibt das Läuferpaar nicht auf.
Weiss hat Raumvorteil, aber Schwarz kontrolliert stark die Diagonale a8-h1.} (
10... Bxc3 11. bxc3 Nc6 (11... c5 12. d4 $5 Nc6 13. Ng5 $1 Bxg2 14. Kxg2 cxd4 (
14... Qe7 15. Qd3 f5 16. exf6 gxf6 17. Nf3 e5 18. Qe4 Rac8 19. Bh6 f5 20. Qd5+
Qf7 21. Qd6 Rfd8 22. Ng5 Qc4 23. Ne6 $18 {1-0 Smejkal,J-Kostic,V/Bayern 1994/
EXT 99 (43)}) 15. cxd4 Ndb8 $6 16. Qd3 $1 Qd5+ 17. f3 g6 18. Rd1 {1-0 Gavrikov,
V-Rosentalis,E/Biel (open) 1990/Inf 50/[Gavrikov,V] (49)}) 12. d4 f6 13. Qc2 $1
fxe5 (13... Qe7 $5) 14. Ng5 Nf6 15. Nxe6 Bxe6 16. Bxc6 exd4 $1 17. Rd1 $1 Bd7
$6 (17... Bd5 $1) 18. Bxa8 Qxa8 19. cxd4 Nd5 20. Re1 Kh8 21. Re5 {1-0 Ribli,
Z-Rozentalis,E/Deutschland 1993/Inf 57/[Ribli,Z] (53)}) 11. d4 {[%csl Rd7]
Weiss hat eine gesunde Stellung und der schwarze d7-Springer steht unglücklich.
} (11. Bf4 Re8 12. d4 Nf8 13. Qc2 Nc6 14. Rfd1 Ne7 15. Rac1 Qd7 16. h4 Rac8 17.
h5 Nd5 18. Bd2 Nxc3 19. bxc3 Ba3 20. Rb1 h6 21. c4 Be7 22. Be3 Bc6 {1/2-1/2
Ribli,Z-Eisterer,H/AUT 1995/EXT 99 (33)}) 11... Nc6 $6 {[%cal Gc6e7,Ge7d5]
Schwarz spielt nicht 11...c7-c5, sondern beendet die Entwicklung. In
Wirklichkeit steht der Springer aber nicht besonders gut auf c6.} (11... c5 12.
Bg5 $14 (12. a3 $14)) 12. Qc2 $1 Be7 {[%cal Gc6b4,Gb4d5]} (12... Ne7 13. Ng5
$18 {[%cal Rc2h7,Rg2b7]}) 13. a3 {Weiss verhindert natürlich den Zug 13...Nb4.
Schwarz hat Probleme mit der Figurenkoordination, besonders seine Springer
stehen unglücklich.} Qc8 {Schwarz verteidigt den b7-Läufer.} 14. Bf4 Re8 {
[%cal Gd7f8,Gf8g6]} 15. Rad1 {Mit natürlichen Entwicklungszügen erreicht Weiss
spürbaren positionellen Vorteil. Es ist für Schwarz schwierig, einen Plan zu
finden.} Bd8 {[%cal Gc6e7,Ge7d5,Ge7f5]} 16. h4 (16. Ng5 Bxg5 (16... Nf8 $14)
17. Bxg5 Ne7) 16... Ne7 17. Ng5 Nf8 18. Qa4 $1 c6 (18... Bxg2 $2 19. Qxe8 $18 {
[%csl Rg8][%cal Re8f7]}) 19. Nge4 $16 {[%csl Yd6][%cal Ge4d6,Gd6e8,Gd6c8,Gd6b7]
Schwarz hat auf d6 eine schwerwiegende Felderschwäche.} Bc7 (19... Nf5 20. g4 (
20. h5 $18) 20... Nxh4 21. Nd6 $16) 20. h5 (20. Nd6 Bxd6 21. exd6 Nd5 $13 {
Auf ersten Blick hat Weiss einen starken Bauern auf d6, aber Schwarz kann ihn
gut mit ...Nd7 oder ...Qd7 blockieren.}) 20... Nd5 21. Bc1 (21. Nxd5 cxd5 22.
Nd6 Bxd6 23. exd6 Bc6 $11) 21... h6 (21... Qd7 22. h6 $36) 22. f4 {[%cal Gf4f5]
Weiss bereitet den Bauernvorstoss... f4-f5 vor. Der schwarze Springer steht
scheinbar gut auf d5, aber Weiss kann stets Nxd5 spielen.} Nh7 23. Qc2 {
De weisse Drohung ist 24.f5 exf5 25.Rxf5 und 25...Qxf5 scheitert dann an 26.
Nf6+.} f5 24. Nxd5 (24. exf6 Nhxf6 25. Nxf6+ Nxf6 26. Qg6 $14) 24... cxd5 (
24... exd5 25. Nc3 $16) 25. Nc3 Qd7 26. Bf3 {[%cal Gg3g4] Weiss bereitet den
Zug g3-g4 vor.} Kh8 27. g4 $40 {Weiss hat gefährliche Initiative am
Königsflügel.} fxg4 (27... Rf8 28. gxf5 Rxf5 29. Bg4 $40) 28. Bxg4 Qe7 (28...
Nf8 29. f5 $40) 29. Qg2 (29. f5 $40) 29... Rad8 30. Rf3 {Weiss muss sich mit
dem Zug f4-f5 nicht beeilen. Er verbessert zunächst seine Figurenstellung.} Rf8
31. Rdf1 Bc8 {[%cal Gc8f5]} 32. Be3 Rf7 {[%cal Gd8f8,Gf8f1]} 33. f5 {Alles ist
vorbereitet. Weiss spielt den Zug f4-f5 rechtzeitig.} exf5 34. Bxf5 Rxf5 35.
Rxf5 Bxf5 36. Rxf5 {[%csl Ge5] Weiss hat einen starken Bauern auf e5 und
entfaltet spürbare Initiative am Königsflügel, während die schwarzen
Leichtfiguren schlecht stehen.} Qe6 37. Qg6 {[%csl Gg6]} Qg8 (37... Qxg6+ $2
38. hxg6 Nf8 39. Nxd5 $18) 38. Rf7 {[%csl Gf7,Gg6]} (38. Kh1 Nf8 {[%csl Ye6]
[%cal Rf8g6,Gf8e6]}) 38... Bxe5 {In schwieriger Lage versucht Schwarz im
Trüben zu fischen.} (38... Bb8 39. Kh1 $1 {Weiss droht 40.Bxh6 gxh6 41.Rxh7+
Qxh7 42.Qf6+.} Rf8 (39... Nf8 40. Qf5 Nh7 41. e6 $18) 40. e6) 39. dxe5 d4 {
[%cal Rd4c3,Rd4e3]} 40. Bxh6 $6 (40. Bd2 $5 dxc3 41. Bxc3 $16 {[%csl Rg8,Rh8]
[%cal Re5e6,Rc3h8]}) (40. Bxd4 Rxd4 (40... Ng5) 41. Rxa7 Ng5 $132) 40... gxh6
41. Ne4 d3 (41... Qxg6+ 42. hxg6 Ng5 43. e6 $1 Nxe6 44. Rh7+ Kg8 45. Nf6+ Kf8
46. Rf7#) 42. e6 $2 {In scharfer Stellung findet Weiss nicht den richtigen Zug.
} (42. Kh2 $1 Qxg6 (42... d2 $2 43. Rxh7+ Qxh7 44. Qf6+ $18 {[%cal Rf6d8,Rf6h8]
}) 43. hxg6 Ng5 44. e6) 42... d2 $2 (42... Rd4 $1 43. Qxg8+ (43. Rxh7+ $4 Qxh7
44. Qf6+ Qg7+ $19 {[%cal Rg7f6,Rg7g1]}) 43... Kxg8 44. Rf4 $11 {[%cal Gf4d4,
Re4f6,Rf6g8]}) 43. Nxd2 $1 Rxd2 44. e7 $18 {[%csl Ge7] Der starke weisse
Freibauer entscheidet die Partie. Es droht 45.Rxh7+ Qxh7 46.e8Q+.} Re2 45. Kf1
$1 Re5 (45... Re3 46. Rf8 Nxf8 47. Qf6+) 46. Rf8 Nxf8 47. Qf6+ {Und Schwarz
gab auf.} (47. Qf6+ Kh7 48. exf8=N+ Qxf8 49. Qxf8 $18) 1-0